000 00655nam a22002177a 4500
003 DO-SdBNP
005 20240722122647.0
008 160328b1978 sp a 00| 0 spa d
020 _a8472450910
040 _aBPMSU
_bspa
_cBPMSU
082 4 _a611
_bD525t 998
_222
100 1 _aDexeus Madí, Santiago
245 1 0 _aTu cuerpo /
_cSantiago Dexeus Madí ; ilustraciones Nöelle Granger
260 _aBarcelona :
_bEditorial Kairós,
_c1978.
300 _a61 p. :
_bil. ;
_c28 cm
590 _aInventariado, 2024/VM
650 4 _aAnatomía humana
700 1 _aGranger, Nöeller
_eilustración
910 _aVMatreo V. Control de calidad. BPMSU
942 _2ddc
_cBK
999 _c9376
_d9376